HOME ICE RIVALS / (Record no. 187381)
[ view plain ]
| 000 -LEADER | |
|---|---|
| fixed length control field | 01580nam a2200325 i 4500 |
| 005 - DATE AND TIME OF LATEST TRANSACTION | |
| control field | 20220207095905.0 |
| 008 - FIXED-LENGTH DATA ELEMENTS--GENERAL INFORMATION | |
| fixed length control field | 220207t2021 mnua j 6 000 1 eng d |
| 020 ## - INTERNATIONAL STANDARD BOOK NUMBER | |
| International Standard Book Number | 9781496597106 |
| Terms of availability | RM 119.95 |
| Qualifying information | hardback |
| 040 ## - CATALOGING SOURCE | |
| Original cataloging agency | PPAK |
| Language of cataloging | eng |
| Transcribing agency | PPAK |
| Description conventions | rda |
| 082 04 - DEWEY DECIMAL CLASSIFICATION NUMBER | |
| Edition number | 23 |
| Classification number | 741.5973 |
| 090 00 - LOCALLY ASSIGNED LC-TYPE CALL NUMBER (OCLC); LOCAL CALL NUMBER (RLIN) | |
| Classification number (OCLC) (R) ; Classification number, CALL (RLIN) (NR) | 741.5973 |
| Feature heading | TER |
| Feature heading | K |
| 100 1# - MAIN ENTRY--PERSONAL NAME | |
| Personal name | Terrell, Brandon, |
| Relator term | author. |
| Dates associated with a name | 1978-2021 |
| 245 10 - TITLE STATEMENT | |
| Title | HOME ICE RIVALS / |
| Statement of responsibility, etc. | Text by Brandon Terrell ; Art by Roberta Papalia ; Lettering by Jaymes Reed ; Cover Art by Berenice Muñiz |
| 264 #1 - PRODUCTION, PUBLICATION, DISTRIBUTION, MANUFACTURE, AND COPYRIGHT NOTICE | |
| Place of production, publication, distribution, manufacture | North Mankato, Minnesota : |
| Name of producer, publisher, distributor, manufacturer | Stone Arch Books, an imprint of Capstone, |
| Date of production, publication, distribution, manufacture, or copyright notice | [2021] |
| Date of production, publication, distribution, manufacture, or copyright notice | ©2021 |
| 300 ## - PHYSICAL DESCRIPTION | |
| Extent | 65 pages : |
| Other physical details | colour illustrations ; |
| Dimensions | 24 cm. |
| 336 ## - CONTENT TYPE | |
| Source | rdacontent |
| Content type term | text |
| -- | still image |
| 337 ## - MEDIA TYPE | |
| Source | rdamedia |
| Media type term | unmediated |
| 338 ## - CARRIER TYPE | |
| Source | rdacarrier |
| Carrier type term | volume |
| 490 1# - SERIES STATEMENT | |
| Series statement | JAKE MADDOX GRAPHIC NOVELS |
| 520 ## - SUMMARY, ETC. | |
| Summary, etc. | "Benny Krueger loves playing hockey with his friends on the lake by his home. So when his parents announce that they have to move, it breaks his heart. Even worse, Benny's older sister loves to embarrass him at the rink. When he learns about a pond hockey tournament being held near his house, he rallies his friends to take on his sister's team"--Back cover. |
| 650 10 - SUBJECT ADDED ENTRY--TOPICAL TERM | |
| Topical term or geographic name entry element | Hockey |
| Form subdivision | Comic books, strips, etc. |
| Topical term or geographic name entry element | Moving, Household |
| Form subdivision | Comic books, strips, etc. |
| Topical term or geographic name entry element | Brothers and sisters |
| Form subdivision | Comic books, strips, etc. |
| 700 1# - ADDED ENTRY--PERSONAL NAME | |
| Personal name | Papalia, Roberta |
| Relator term | illustrator. |
| Personal name | Reed, Jaymes, |
| Relator term | letterer. |
| Personal name | Muñiz, Berenice, |
| Relator term | artist. |
| 830 #0 - SERIES ADDED ENTRY--UNIFORM TITLE | |
| Uniform title | Jake Maddox graphic novels |
| 942 ## - ADDED ENTRY ELEMENTS (KOHA) | |
| Source of classification or shelving scheme | Dewey Decimal Classification |
| Koha item type | Book |
| Withdrawn | Not for loan | Current library | Shelving location | Date acquired | Total Checkouts | Full call number | Barcode | Date last seen | Date last checked out | Koha item type | Total Renewals |
|---|---|---|---|---|---|---|---|---|---|---|---|
| Perpustakaan Alor Setar | Pinjaman Kanak-kanak | 10/02/2022 | 1 | K 741.5973 TER | A01724360 | 07/11/2024 | 26/10/2024 | Book | |||
| Perpustakaan Awam Sungai Petani | Pinjaman Kanak-kanak | 10/02/2022 | 7 | K 741.5973 TER | A01724361 | 04/04/2026 | 28/03/2026 | Book | 1 | ||
| Perpustakaan Baling | Pinjaman Kanak-kanak | 10/02/2022 | 1 | K 741.5973 TER | A01724364 | 24/08/2022 | 02/08/2022 | Book | |||
| Perpustakaan Bandar Baharu | Pinjaman Kanak-kanak | 10/02/2022 | K 741.5973 TER | A01724365 | 10/02/2022 | Book | |||||
| Perpustakaan Kulim | Pinjaman Kanak-kanak | 10/02/2022 | 1 | K 741.5973 TER | A01724363 | 30/11/2024 | 23/11/2024 | Book | |||
| Perpustakaan Langkawi | Pinjaman Kanak-kanak | 10/02/2022 | 2 | K 741.5973 TER | A01724362 | 15/10/2025 | 13/10/2025 | Book |